RESEAUX, N.055 (SETTEMBRE/OTTOBRE 1992) (Record n. 192182)
[ formato base ]
| 000 -LEADER | |
|---|---|
| fixed length control field | 01022nas a2200253Ia 4500 |
| 001 - CONTROL NUMBER | |
| control field | R142/77680 |
| 003 - CONTROL NUMBER IDENTIFIER | |
| control field | IT-RoPAU |
| 008 - FIXED-LENGTH DATA ELEMENTS--GENERAL INFORMATION | |
| fixed length control field | 151124c99999999xx |||||||||||| ||und|| |
| 040 ## - CATALOGING SOURCE | |
| Original cataloging agency | IT-RoPAU |
| 040 ## - CATALOGING SOURCE | |
| Transcribing agency | IT-RoPAU |
| 041 ## - LANGUAGE CODE | |
| Language code of text/sound track or separate title | FRANCESE |
| 100 ## - MAIN ENTRY--PERSONAL NAME | |
| Personal name | Rosenberg Nathan |
| Miscellaneous information | Codice Aut. SPICS: 46040 |
| 210 ## - ABBREVIATED TITLE | |
| Abbreviated title | RESEAUX |
| 222 ## - KEY TITLE | |
| Key title | Reseaux |
| 245 ## - TITLE STATEMENT | |
| Title | RESEAUX, N.055 (SETTEMBRE/OTTOBRE 1992) |
| Remainder of title | Dans Quelle Mesure la Science Est-Elle Exogene? |
| 250 ## - EDITION STATEMENT | |
| Edition statement | 1a ed. |
| 260 ## - PUBLICATION, DISTRIBUTION, ETC. (IMPRINT) | |
| Place of publication, distribution, etc. | PARIS |
| Name of publisher, distributor, etc. | CNET |
| Date of publication, distribution, etc. | 1992 |
| 300 ## - PHYSICAL DESCRIPTION | |
| Extent | 18 p. [209-226] |
| 362 ## - DATES OF PUBLICATION AND/OR SEQUENTIAL DESIGNATION | |
| Dates of publication and/or sequential designation | N.055 (SETTEMBRE/OTTOBRE 1992) |
| 501 ## - WITH NOTE | |
| -- | Paulus - SPICS - Società San Paolo EM (non-commercial uses only) |
| -- | Copyright2015 |
| 500 ## - GENERAL NOTE | |
| General note | In che Misura la Scienza è Esogena?: Caso dei Laboratori Bell e della Ricerca Fondamentale. Scoperte Tecniche: Campo di Ricerca per gli Scienziati. Domande Tecniche Stimolano la Ricerca Fondamentale. Interazione tra Scienzae Tecnica. Pressione della Doman |
| 650 ## - SUBJECT ADDED ENTRY--TOPICAL TERM | |
| Topical term or geographic name as entry element | COMUNICAZIONE |
| Form subdivision | PUBBLICAZIONE PERIODICA |
| 942 ## - ADDED ENTRY ELEMENTS (KOHA) | |
| Koha item type | RIVISTA |
| Withdrawn status | Lost status | Damaged status | Not for loan | Home library | Current library | Date acquired | Total Checkouts | Full call number | Date last seen | Price effective from | Koha item type | Public note |
|---|---|---|---|---|---|---|---|---|---|---|---|---|
| Buone Condizioni | Not For Loan | SPICS-MEDIATECA | SPICS-MEDIATECA | 25/11/2015 | R142/77680 | 25/11/2015 | 25/11/2015 | RIVISTA | Progr. Ins: 60954 / Copia rara: NO / date import: 25.11.2015 / By Epidotti, Trombetti, Vaglietti |